Statistics for Wacky Races Characters & Cars Quiz

Click here to take the quiz!

General Stats

  • This quiz has been taken 91 times
  • The average score is 19 of 34

Answer Stats

NumberAnswer% Correct
5CharacterPenelope Pitstop
96%
00Muttley
90%
00CharactersDick Dastardly
88%
7CharactersClyde
71%
7Kirby
71%
7Mac
71%
7Ring-a-ding
71%
7Willy
71%
7Danny
69%
7Rug-Bug-Benny
69%
9CharacterPeter Perfect
67%
3CharacterProfessor Pat Pending
63%
1CharactersRock Slag
63%
1Gravel Slag
57%
00CarMean Machine
57%
6CarArmy Surplus Special
55%
2CarCreepy Coupe
55%
5CarCompact Pussycat
51%
3CarConvert-a-car
47%
2CharactersBig Gruesome
45%
2Little Gruesome
45%
4CharacterRed Max
45%
8CarThe Arkansas Chugga-bug
45%
1CarBouldermobile
43%
10CarBuzzwagon
41%
10CharactersRufus Roughcut
41%
6Sargeant Blast
41%
4CarThe Crimson Haybailer
39%
8Blubber Bear
37%
6CharactersPrivate Meekly
37%
8CharactersLuke
33%
10Sawtooth
33%
7CarThe Bulletproof Bomb
33%
9CarTurbo Terrific
33%

Score Distribution

Percentile by Number Answered

Percent of People with Each Score

Your Score History

You have not taken this quiz